[Event "Minsk Bronstein Memorial op"]
[Site "Minsk"]
[Date "2015.02.14"]
[Round "1"]
[White "Kupreichik, Viktor D"]
[Black "Zhuk, Dmitriy"]
[Result "1-0"]
[WhiteElo "2407"]
[BlackElo "1565"]
[PlyCount "37"]
[EventDate "2015.02.14"]
[EventType "swiss (rapid)"]
[EventRounds "10"]
[EventCountry "BLR"]
[SourceTitle "EXT 2017"]
[Source "ChessBase"]
[SourceDate "2016.10.25"]
[SourceVersion "1"]
[SourceVersionDate "2016.10.25"]
[SourceQuality "1"]

1. e4 e6 2. d4 d5 3. e5 c5 4. c3 Qb6 5. Bd3 Nc6 6. Ne2 Bd7 7. a3 a5 8. 0-0 cxd4 9. cxd4 Nxd4 10. Nxd4 Qxd4 11. Nc3 Be7 12. Re1 Nh6 13. Nb5 Qb6 14. Be3 Qd8 15. Rc1 Rc8 16. Bxh6 gxh6 17. Qh5 Rxc1 18. Rxc1 Bg5 19. Nd6+ 1-0

[Event "Gdansk op 14th"]
[Site "Gdansk"]
[Date "2012.07.27"]
[Round "7"]
[White "Zhuk, Dmitriy"]
[Black "Grabarczyk, Sylwester Piotr"]
[Result "0-1"]
[WhiteElo "1605"]
[BlackElo "1746"]
[PlyCount "58"]
[EventDate "2012.07.22"]
[EventType "swiss"]
[EventRounds "9"]
[EventCountry "POL"]
[SourceTitle "CBM 149 Extra"]
[Source "ChessBase"]
[SourceDate "2012.08.24"]
[SourceVersion "1"]
[SourceVersionDate "2012.08.24"]
[SourceQuality "1"]

1. e4 e5 2. d4 exd4 3. Qxd4 Nc6 4. Qe3 d6 5. Bd2 Nf6 6. h3 g6 7. Nc3 Bg7 8. 0-0-0 0-0 9. Nge2 Ne5 10. Nf4 a5 11. g4 Nfd7 12. Ng2 Nb6 13. f4 Nec4 14. Qf3 Nxd2 15. Rxd2 a4 16. g5 a3 17. b3 Ra5 18. Nb5 Bd7 19. c4 Bxb5 20. cxb5 c6 21. bxc6 Rc5+ 22. Kd1 Bb2 23. Ne3 Rxc6 24. Nc4 Nxc4 25. Bxc4 Qc7 26. Ke2 Qa5 27. Qd3 b5 28. Bxb5 Rc3 29. Qd5 Rc5 0-1

[Event "Rewal op-B 16th"]
[Site "Rewal"]
[Date "2011.08.19"]
[Round "1"]
[White "Borawski, Jakub"]
[Black "Zhuk, Dmitriy"]
[Result "1-0"]
[WhiteElo "1897"]
[BlackElo "1610"]
[PlyCount "67"]
[EventDate "2011.08.18"]
[EventType "swiss"]
[EventRounds "9"]
[EventCountry "POL"]
[SourceTitle "CBM 144 Extra"]
[Source "ChessBase"]
[SourceDate "2011.10.28"]
[SourceVersion "1"]
[SourceVersionDate "2011.10.28"]
[SourceQuality "1"]

1. b3 d5 2. e3 Nf6 3. Bb2 Nc6 4. f4 Bf5 5. Bb5 e6 6. Nf3 a6 7. Bxc6+ bxc6 8. 0-0 Bd6 9. Ne5 c5 10. d3 0-0 11. Nd2 Bxe5 12. Bxe5 Ng4 13. Qe1 f6 14. Bb2 d4 15. Nc4 Qd7 16. e4 Bg6 17. h3 Nh6 18. Qa5 f5 19. e5 Rad8 20. Qxc5 Kh8 21. Na5 Qb5 22. Qxb5 axb5 23. Nc6 Rd5 24. Nxd4 Bf7 25. c4 bxc4 26. dxc4 Rd7 27. a4 Rfd8 28. Nc6 Rc8 29. a5 Be8 30. Nd4 c5 31. Nxe6 Rd2 32. Rab1 Rd3 33. a6 Bc6 34. Nxc5 1-0